La interpretación de las leyes tributarias (Registro nro. 1341)
[ vista simple ]
| 000 -LEADER | |
|---|---|
| fixed length control field | 01027 a2200205 4500 |
| 001 - CONTROL NUMBER | |
| control field | 25234 |
| 005 - DATE AND TIME OF LATEST TRANSACTION | |
| control field | 20260407155536.0 |
| 008 - FIXED-LENGTH DATA ELEMENTS--GENERAL INFORMATION | |
| fixed length control field | 260407a1990 arg spa d |
| 003 - CONTROL NUMBER IDENTIFIER | |
| control field | AR-UNSa-BCEJYS |
| 040 ## - CATALOGING SOURCE | |
| Original cataloging agency | AR-UNSa-BCEJYS |
| Language of cataloging | spa |
| Transcribing agency | AR-UNSa-BCEJYS |
| 080 ## - UNIVERSAL DECIMAL CLASSIFICATION NUMBER | |
| Universal Decimal Classification number | 336.2 |
| Common auxiliary subdivision | Ingresos públicos (Derecho tributario) |
| 020 ## - INTERNATIONAL STANDARD BOOK NUMBER | |
| International Standard Book Number | 950-20-0584-6 |
| 100 1# - MAIN ENTRY--PERSONAL NAME | |
| Personal name | Sanz de Urquiza, Fernando G. |
| 245 10 - TITLE STATEMENT | |
| Title | La interpretación de las leyes tributarias |
| 264 #1 - PRODUCTION, PUBLICATION, DISTRIBUTION, MANUFACTURE, AND COPYRIGHT NOTICE | |
| Place of production, publication, distribution, manufacture | Buenos Aires : |
| Name of producer, publisher, distributor, manufacturer | Abeledo Perrot |
| Date of production, publication, distribution, manufacture, or copyright notice | 1990 |
| 300 ## - PHYSICAL DESCRIPTION | |
| Extent | 80 p. |
| Dimensions | 17 cm. |
| 505 ## - FORMATTED CONTENTS NOTE | |
| Formatted contents note | 1. Advertencia - 2. Aspectos generales de interpretación - 3. Los principios in dubio contra fiscum, in dubio pro fiscum - 4. Métodos de la ley 11.683 - 5. Los artículos 11 y 12 de la ley 11.683 - 6. La interpretación de las exenciones tributarias - 7. La interpretación analógica de la ley tributaria - 8. Facultades de interpretación del director general de la Dirección General Impositiva - 9. El régimen de consultas. |
| 590 ## - LOCAL NOTE (RLIN) | |
| Local note | niveau_biblio:m niveau_hierar:0 |
| 942 ## - ADDED ENTRY ELEMENTS (KOHA) | |
| Koha item type | |
| Withdrawn status | Lost status | Damaged status | Not for loan | Home library | Current library | Shelving location | Date acquired | Total checkouts | Full call number | Barcode | Date last seen | Price effective from | Koha item type |
|---|---|---|---|---|---|---|---|---|---|---|---|---|---|
| Biblioteca Prof. Eusebio Cleto del Rey | Biblioteca Prof. Eusebio Cleto del Rey | 07/04/2026 | 336.2 S194 | L58865 | 07/04/2026 | 07/04/2026 | Libro |